000
00344nam a22001577a 4500
003
OSt
008
240102b |||||||| |||| 00| 0 eng d
020
_a
9789390727063
082
_a
658.083 VOB
100
_a
VOHRA,ND
245
_a
Business Statistics
250
_a
2nd
260
_a
New Delhi
_b
MGH
_c
2022
300
_a
755
942
_2
ddc
_c
BK
999
_c
12152
_d
12152